LDR 01131nam a2200241 i 4500 001 000000221975 003 CaOOAMICUS 005 20260420101605.0 008 130827s1995 it u000 u ita u 040 $aSeMil$bita 100 1 $aDemmer, Klaus,$c
.$0(OLS)http://semarc/name/16464 245 10$aSeguire le orme del Cristo :$bcorso di teologia morale fondamentale /$cKlaus Demmer. 264 1$aRoma :$bPontificia Università Gregoriana,$c1995. 300 $a161 p. ;$c24 cm. 500 $aIn testa al front.: Ad uso degli studenti 650 4$aTeologia morale fondamentale.$0(OLS)http://semarc/subject/2786 710 0 $aPontificia Università Gregoriana
: Facoltà di Teologia.$0(OLS)http://semarc/name/4376 850 $aSeMil 852 $aSeMil$W1$xVenegono$y1$m2E IV 376$j270482$B172324$CSeMilBibl$Z2$F183390 $81 961 $aOmaggio: Fumagalli don Aristide 996 $6245$aSeguire le orme del Cristo :$bcorso di teologia morale fondamentale$9(OLS)http://semarc/title/318252 996 $6264$aRoma :$bPontificia Università Gregoriana$9(OLS)http://semarc/publisher/29750